000 01241cam a22003615i 4500
001 18799362
003 OSt
005 20170105101153.0
008 150930s2014 pk a b 000 0 eng
010 _a 2015327463
020 _a9789696370178
037 _bLibrary of Congress -- Islamabad Overseas Office
_cRs 595
040 _aDLC
_beng
_cDLC
_erda
042 _alcode
043 _aa-cc---
050 0 0 _aDS721+
100 1 _aJaved, Syed Hasan
_c(Diplomat)
_eauthor.
245 1 0 _aChinese soft power code =
_bḤikmat-i Cīn : book of 8x8x8 wisdom /
_cSyed Hasan Javed.
246 3 1 _aḤikmat-i Cīn
250 _aFirst edition.
300 _a234 pages :
_billustrations (some color) ;
_c23 cm
500 _a"Creating value by sharing values, developing relationships for co-creating future"--T.p.
504 _aIncludes bibliographical references (page 234).
650 0 _aMythology, Chinese
_zChina.
650 0 _aFolklore
_zChina.
650 0 _aFolklore
_zPakistan.
650 0 _aCross-Cultural Comparison
_zChina.
650 0 _aCross-Cultural Comparison
_zPakistan.
651 0 _aChina
_xCivilization.
906 _a7
_bibc
_corigode
_d3
_encip
_f20
_gy-gencatlg
942 _2ddc
_cBK
999 _c2482
_d2482